• 首页
  • 本馆介绍
  • 公告通知
  • 最新文献
  • 馆藏检索
  • 电子资源
  • 读者导购
  • 参考咨询
  • 我的图书馆
  • 登录
  • 详细信息显示
  • 放入我的书架
  • 预约/预借图书
  • 作者相关作品
  • 分类相关作品
  • 丛书相关作品
  • 出版社相关作品

书目信息

  • 表格格式
  • 工作单格式
  • 卡片格式
题名:
企业物流管理
    
 
作者: 郭丽娜 著
分册:  
出版信息: 长春   东北师范大学出版社  2019
页数: 219页
开本: 24cm
丛书名:
单 册:
中图分类: F273.4
科图分类:
主题词: 企业管理--qi ye guan li--物流--物资管理
电子资源:
ISBN: 978-7-5681-6026-1
000 00907nam0 2200265 450
001 2151077491
005 20211018173724.0
010    @a978-7-5681-6026-1@dCNY42.00
100    @a20200103d2019 em y0chiy50 ea
101 0  @achi
102    @aCN@b220000
105    @ay z 000yy
106    @ar
200 1  @a企业物流管理@Aqi ye wu liu guan li@f郭丽娜著
210    @a长春@c东北师范大学出版社@d2019
215    @a219页@d24cm
312    @a封面英文题名:Enterprise logistics management
314    @a著者取自封面
330    @a本书主要内容包括:概述、企业战略与企业物流规划、企业采购与供应物流管理、企业生产过程与生产物流管理、企业物流信息系统、物流客户服务管理等。
510 1  @aEnterprise logistics management@zeng
606 0  @a企业管理@Aqi ye guan li@x物流@x物资管理
690    @aF273.4@v5
701  0 @a郭丽娜@Aguo li na@4著
801  0 @aCN@b百万庄@c20211016
905    @b1308988-991@dF273.4@e1829@f4
    
    企业物流管理/郭丽娜著.-长春:东北师范大学出版社,2019
    219页;24cm
    
    
    ISBN 978-7-5681-6026-1:CNY42.00
    本书主要内容包括:概述、企业战略与企业物流规划、企业采购与供应物流管理、企业生产过程与生产物流管理、企业物流信息系统、物流客户服务管理等。
●
相关链接 在E读中查询图书 在五车中查询图书 在当当中查询图书 在豆瓣中查询图书


正题名:企业物流管理     索取号:F273.4/1829         预约/预借

序号 登录号 条形码 馆藏地/架位号 状态 备注
1 1308988   213089888   第一样本阅览室/ [索取号:F273.4/1829] 在馆    
2 1308989   213089897   第一借阅区/ [索取号:F273.4/1829] 在馆    
3 1308990   213089904   第一借阅区/ [索取号:F273.4/1829] 在馆    
4 1308991   213089913   第一借阅区/ [索取号:F273.4/1829] 在馆    
唐山师范学院图书馆 欢迎您!
大连网信软件有限公司© 版权所有